000 00937cam a2200349 4500500
005 20260329005042.0
041 _afre
042 _adc
100 1 0 _aEnjalbert, Cédric
_eauthor
245 0 0 _aFrançois Crémieux-Cynthia Fleury : à l’épreuve du réel
260 _c2022.
500 _a74
690 _aAction
690 _aChoix
690 _aComplotisme
690 _acourage
690 _aDécision
690 _aDémocratie
690 _aEngagement
690 _aFrançois Crémieux
690 _aGuerre
690 _aHéroïsme
690 _aONU
690 _aPaix
690 _aRésistance
690 _aRussie
690 _aUkraine
690 _aVolodymyr Zelensky
690 _aYougoslavie
786 0 _nPhilosophie magazine | 159 | 5 | 2022-05-01 | p. 32-33 | 1951-1787
856 4 1 _uhttps://shs.cairn.info/magazine-philosophie-magazine-2022-5-page-32?lang=fr&redirect-ssocas=7080
999 _c1839816
_d1839816